000 01235nam a22003615i 4500
999 _c58759
_d58759
001 20859139
005 20221107170852.0
008 190220s2019 cau 000 0 eng
010 _a 2019934729
020 _a9781473912335 (pbk. : alk. paper) X
020 _a9781473912328 (hardback : alk. paper) X
020 _a9781526418302 (epub 2) X
020 _a9781526418319 (epub 3) X
020 _a9781526418326 (web pdf) X
020 _a9781526418333 (xmltei) X
040 _aeng
042 _apcc
080 _a338.22 M-99
100 1 _aMyers, Michael D.
_914423
245 1 0 _aQualitative research in business and management /
_cMichael D. Myers.
250 _a3rd edition.
263 _a1911
264 1 _aThousand Oaks, CA :
_bSAGE Publications,
_c2019.
300 _axvi, 358 pages.:
_b 24 cm.
336 _atext
_btxt
_2rdacontent
337 _aunmediated
_bn
_2rdamedia
338 _avolume
_bnc
_2rdacarrier
653 _aQualitative research in business and management
653 _aთვისებრივი კვლევა ბიზნესსა და მენეჯმენტში
906 _a0
_bibc
_corignew
_d2
_eepcn
_f20
_gy-gencatlg
942 _2udc
_cBK
955 _apc17 2019-02-20